| 000 | 00451nam a2200157 a 4500 | ||
|---|---|---|---|
| 001 | 000029087 | ||
| 005 | 20200930055326.0 | ||
| 008 | 110413nuuuuuuuudr a 000 | spa d | ||
| 040 |
_aDO-SdBNP _bspa _cBNPHU |
||
| 082 |
_axxx _bL697r |
||
| 245 | 0 | 0 | _aLibros recomendados. |
| 250 | _a2a ed. | ||
| 260 |
_aSanto Domingo : _f(Grupo Financiero Popular) _bSociedad Dominicana de Bibliófilos, _c[19--?]. |
||
| 300 |
_a30 p. : _bil. ; _c21 cm. |
||
| 049 | _aBNPD | ||
| 999 |
_c28579 _d28579 |
||